Works of Edmund Spencer / (Record no. 497)
[ view plain ]
| 000 -LEADER | |
|---|---|
| fixed length control field | 00456cam a2200169ua 4500 |
| 041 ## - LANGUAGE CODE | |
| Language code of text/sound track or separate title | eng |
| 082 ## - DEWEY DECIMAL CLASSIFICATION NUMBER | |
| Classification number | 928.21 |
| Item number | LAW/WO |
| 100 ## - MAIN ENTRY--AUTHOR NAME | |
| Personal name | Law, Edmund Green . |
| 245 00 - TITLE STATEMENT | |
| Title | Works of Edmund Spencer / |
| 260 ## - PUBLICATION, DISTRIBUTION, ETC. (IMPRINT) | |
| Place of publication | Baltimore : |
| Name of publisher | The John Hopkins press , |
| Year of publication | 1947. |
| 300 ## - PHYSICAL DESCRIPTION | |
| Number of Pages | 238 ; . |
| 700 1# - ADDED ENTRY--PERSONAL NAME | |
| Personal name | Osgood, Charles Grosvenor . |
| 700 1# - ADDED ENTRY--PERSONAL NAME | |
| Personal name | Padelford, Frederick . |
| 942 ## - ADDED ENTRY ELEMENTS (KOHA) | |
| Koha item type | Books |
| Withdrawn status | Lost status | Damaged status | Home library | Current library | Date acquired | Cost, normal purchase price | Full call number | Accession Number | Koha item type | Public note |
|---|---|---|---|---|---|---|---|---|---|---|
| Withdrawn | KAUAET | Sanskrit University | 07/04/2012 | 36.00 | 928.21 | 6648 | Books | Transferred to Sanskrit University |
